LEADER 02071nam0 2200445 i 450 001 BVEE017616 005 20170908093206.0 012 $ai-67 sii- raua unne (3) 1551 (R)$2fei 100 $a20091112d1551 ||||0itac50 ba 101 | $aita 102 $ait 181 1$6z01$ai $bxxxe 182 1$6z01$an 200 1 $a˜I œdialoghi piaceuoli, le vere narrationi, le facete epistole di Luciano philosopho. Di greco in volgare tradotte per M. Nicolo da Lonigo: & historiate, & di nuouo accuratamente reuiste, et emendate 210 $aIn Venetia$c[Giovanni Padovano]$d1551$eIn Venetia$gper Giouanni Padoano$h1551 215 $a223, [1] c.$cill.$d8º 300 $aMarca (V423) sul front. e in fine 300 $aCors. ; rom 300 $aSegn.: A-2E⁸. - 316 $a1 v.$5IT-NA0079, F.DORIA 5. 0104 500 10$aDialogi$3BVEE017617$9CFIV010826$926095 517 1 $a˜I œdialoghi piacevoli, le vere narrationi, le facete epistole di Luciano philosopho.$9BVEE017620 620 $dVenezia$3SBLL003553 700 0$aLucianus$3CFIV010826$4070$0159729 702 1$aLeoniceno$b, Nicolò$3SBLV227712 712 02$aPadovano, Giovanni$3BVEV024181$4650 790 0$aLuciano$3CFIV010827$zLucianus 790 0$aLuciano : di Samosata$3CFIV032874$zLucianus 790 0$aLuciano di Samosata$3CFIV032875$zLucianus 790 0$aLucien$3MILV207438$zLucianus 790 0$aLucianus : Samosatensis$3PUVV193437$zLucianus 790 0$aNiccolo : da Lonigo$3SBNV020826$zLeoniceno, Nicolò 801 3$aIT$bIT-NA0079$c20091112 850 $aIT-NA0079 912 $aBVEE017616 921 $aBVEM000347$bLa Temperanza: una donna versa acqua da un'anfora a un'altra. Motto: Medium tenuere beati.$cV423$cZ1157$dSul front. e in fine. 950 0$aBiblioteca Nazionale Vittorio Emanuele III$d BNF.DORIA 5. 0104$e BN 0009630195 R 1 v.$fC $h20091112$i20091112 977 $a BN 996 $aDialogi$926095 997 $aUNISANNIO LEADER 01363nam--2200409---450- 001 990000328880203316 005 20130206142125.0 035 $a0032888 035 $aUSA010032888 035 $a(ALEPH)000032888USA01 035 $a0032888 100 $a20010124d1976----km-y0itay0103----ba 101 0 $aita 102 $aIT 105 $a||||||||001yy 200 1 $a<>evoluzione legislativa agraria in Italia$eleggi principali$esussidio didattico al corso di economia e politica agraria$fAntonio Guariglia 210 $aSalerno$cUniversit degli Studi$d1976 215 $aXXIX, 1168-2963 p.$d21 cm 300 $aTitolo della copertina 606 $aDiritto agrario$xItalia 676 $a343.45076 700 1$aGUARIGLIA,$bAntonio$073871 801 0$aIT$bsalbc$gISBD 912 $a990000328880203316 951 $aXXV.1.A. 441$b27569 G.$cXXV.1.A.$d00237038 959 $aBK 969 $aGIU 979 $aTAMI$b40$c20010124$lUSA01$h1714 979 $aTAMI$b40$c20010129$lUSA01$h1155 979 $c20020403$lUSA01$h1641 979 $aPATRY$b90$c20040406$lUSA01$h1623 979 $aRSIAV5$b90$c20090715$lUSA01$h1413 979 $aRSIAV5$b90$c20090715$lUSA01$h1414 979 $aCHIARA$b90$c20130206$lUSA01$h1410 979 $aCHIARA$b90$c20130206$lUSA01$h1421 996 $aEvoluzione legislativa agraria in Italia$9879813 997 $aUNISA